000 00684cam a22002051 4500
001 000007681
005 20200929154247.0
008 720202m19359999sp b 000 0 spa
010 _a35012001
040 _aDO-SdBNP
_bspa
_cBNPHU
100 1 _aJovellanos, Gaspar de,
_d1744-1811
_921290
245 1 0 _aObras escogidas /
_cJovellanos ; Edicion, introduccion y notas de Angel del Rio.
260 _aMadrid, :
_bEspasa-Calpe, s.a.,
_c[1935-.
300 _av. ;
_c20 cm.
440 0 _aClasicos castellanos ;
_v110-111.
_94180
500 _aAt head of title: Jovellanos.
504 _a"Bibliografia": v. 1, p. [139]-140.
700 1 _aRio, Angel del,
_d1900-1962.
_921291
082 _a868.42
999 _c7461
_d7461